| 000 | 00915nas a2200253 4500 | ||
|---|---|---|---|
| 001 | BR8400799 | ||
| 003 | BR-BrBNA | ||
| 005 | 20231205085808.0 | ||
| 007 | ta | ||
| 008 | 230509b bl.|||p| |||| 00| 00por d | ||
| 040 |
_aBR-BrBNA _bpor _cBiblioteca Nacional de Agricultura |
||
| 041 | _a(En) | ||
| 072 | _aH10 | ||
| 100 | 1 | _aMizuguchi, Y. | |
| 100 | 1 | _aAlmeida, J.R. de | |
| 245 | 1 | _aEffect of yellow mutant on mating speed and duration of copulation in Drosophila melanogaster Meigen, 1830 [biologia, mosca] | |
| 246 | 1 | _aEffect of yellow mutant on mating speed and duration of copulation in Drosophila Melanogaster Meigen, 1830 [biology, fly] | |
| 650 | _aDROSOFILA | ||
| 650 | _aBIOLOGIA | ||
| 650 | _aMOSCA | ||
| 773 | 0 |
_tAnais da Sociedade Entomologica do Brasil (Brazil) _xISSN 0301-8059 _g(1983), v. 12(2) p. 145-150 _wBR8400799 |
|
| 909 |
_a202311 _bLúcia _c55 _dLúcia Elande |
||
| 942 |
_2AGRIS _n0 _cANA |
||
| 999 |
_c113862 _d113862 |
||